000 00489nam a2200205Ia 4500
003 OSt
005 20230317101015.0
008 210423s2010 xx 000 0 und d
020 _a9788183989985
040 _cAL
041 _aeng
082 _a547.28 GUPA
100 _aGUPTA (Alka L).
_976019
245 _aPolymer chemistry.
260 _aMeerut
_bPragati Prakashan
_c2010
300 _aviii,260
_bPB
365 _b180
_cINR
906 _achemistry. ; Polymer
942 _2ddc
_cBK
999 _c154648
_d154648